| 000 | 00387cam a2200157ua 4500 | ||
|---|---|---|---|
| 041 |
_amal _h |
||
| 082 |
_a894.8121 _bSKP/KA |
||
| 100 | _aPottekkadu, S K . | ||
| 245 |
_aKaramboo / _cS K Pottakkadu. _hTextual Documents |
||
| 250 |
_a2 / _b. |
||
| 260 |
_aKannur : _bKairali sahakarana sangam ltd , _c1963. |
||
| 300 | _a102 ; . | ||
| 504 | _a | ||
| 942 | _cBK | ||
| 999 |
_c12798 _d12798 |
||